000 00770nam a2200241Ia 4500
003 BUBTL
008 151213s9999 xx 000 0 und d
020 _a9848430830
041 _aবাংলা
082 _2১ম সং
_a347/ M727c/ 2005
100 _aমহসীন, আ. ফ. ম.
_95790
245 _aদেওয়ানী আইনের মূলনীতি/
_cআ. ফ. ম. মহসীন
250 _a১ম সং
260 _aঢাকা
_bকামরুল বুক হাউস।
_cc2005
300 _a279 p. :
_bill. ; 21 cm.
526 _aLaw
650 _aLaw
650 _a
700 _aআ. ফ. ম. মহসীন
_95791
856 _k0
_l0
_yDownload
942 _2ddc
_cBK
999 _c1970
_d1970